000 00304nam a22001337a 4500
008 171027b xxu||||| |||| 00| 0 eng d
020 _a9780538628969
041 _aeng
080 _23RD
_a336
100 _a55
101 _aMEN
245 _aMANAGING YOUR PERSONAL FINANCES
_cRYAN.J.S
942 _2udc
_cBK
999 _c36047
_d36047